Polskie miasta na literę "Ł" - Statystyki

Ogólne statystyki
  • Ten quiz został rozwiązany 977 razy
  • Średni wynik to 5 z 11
Statystyki odpowiedzi
Hint Odpowiedź % Poprawnych
670 000 Łódź
97%
62 600 Łomża
69%
27 900 Łowicz
58%
17 000 Łask
50%
29 600 Łuków
47%
18 800 Łęczna
40%
17 800 Łańcut
39%
14 000 Łęczyca
39%
17 000 Łomianki
38%
15 700 Łapy
28%
22 300 Łaziska Górne
24%
Nie znaleziono quizów pasujących do podanych kryteriów
Rozkład punktacji
Procent ludzi z każdym wynikiem
Percentyl według liczby udzielonych odpowiedzi
Twoja historia wyników
Nie rozwiązałeś tego quizu